| 000 | 01032nam a22002297a 4500 | ||
|---|---|---|---|
| 003 | OSt | ||
| 005 | 20250827111335.0 | ||
| 008 | 240308b ||||| |||| 00| 0 eng d | ||
| 040 | _c0 | ||
| 082 | _aDPer 621.317 Ie21 July 2022 v.37 n. 7 | ||
| 100 |
_aHarbi, Ibrahim. _eauthor. _954198 |
||
| 245 |
_aA nine-level split-capacitor active-neutral-point-clamped inverter and its optimal modulation technique / _cIbrahim Harbi, Mostafa Ahmed, Christoph M. Hackl, Ralph Kennel, and Mohamed Abdelrahem |
||
| 260 |
_aNew York ; _bThe Institute of Electrical and Electronics Engineers, Inc. , _cJuly 2022. |
||
| 300 |
_avolume 37, pages 8045-8064 : _billustration ; _c28 cm. |
||
| 500 | _a IEEE Transactions on Power Electronics, vol. 37, no. 7, pages 8045-8064, July 2022. | ||
| 700 |
_aHarbi, Ibrahim. _eauthor. _954198 |
||
| 700 |
_aAhmed, Mostafa. _eauthor. _954199 |
||
| 700 |
_aHackl, Christoph M. _eauthor. _954200 |
||
| 700 |
_aKennel, Ralph. _eauthor. _954201 |
||
| 700 |
_aAbdelrahem, Mohamed. _eauthor. _954202 |
||
| 942 |
_2ddc _cPER |
||
| 999 |
_c19567 _d19567 |
||